000 00709nam a22002417a 4500
003 UA-OsUOA
001 47817
007 ta
008 20070821b un ||||| |||| 00| 0 ukr d
100 _aМосковченко В.
090 _a94(477)
_bМ82
942 _cBK
040 _aUA-OsUOA
_bukr
_cUA-OsUOA
_dUA-OsUOA
245 _aКарма України
_bАстрологічний та езотеричний аналіз історії України
300 _a132 с.
955 _a2
041 _aukr
080 _a94(477)
020 _a966-7551-75-Х
260 _aК.
_bПросвіта
_c2003
650 7 _a9 Географія. Біографії. Історія
_2UDC
999 _c333906
_d333906